Aktívna správa úspor v systéme starobného dôchodkového sporenia
Enregistré dans:
| Auteur principal: | |
|---|---|
| Autres auteurs: | , , |
| Format: | Livre |
| Langue: | slovaque |
| Publié: |
Bratislava
Wolters Kluwer
2017
|
| Édition: | 1. vydanie |
| Collection: | Ekonómia
|
| Sujets: | |
| Tags: |
Pas de tags, Soyez le premier à ajouter un tag!
|
MARC
| LEADER | 00000nam a2200000 4500 | ||
|---|---|---|---|
| 001 | 0257329 | ||
| 005 | 20240321131122.8 | ||
| 020 | |a 978-80-8168-692-4 | ||
| 041 | 0 | |a slo | |
| 044 | |a SK | ||
| 245 | 1 | 0 | |a Aktívna správa úspor v systéme starobného dôchodkového sporenia |c Ján Šebo, Igor Melicherčík, Michal Mešťan, Ivan Králik |
| 250 | |a 1. vydanie | ||
| 264 | 1 | |a Bratislava |b Wolters Kluwer |c 2017 | |
| 300 | |a 206 s. | ||
| 490 | 1 | |a Ekonómia | |
| 830 | 0 | |a Ekonómia | |
| 610 | 2 | 0 | |a úspory |
| 610 | 2 | 0 | |a riadenie |
| 610 | 2 | 0 | |a sporenie dôchodkové starobné |
| 610 | 2 | 0 | |a dôchodky starobné |
| 610 | 2 | 0 | |a modelovanie |
| 610 | 2 | 0 | |a legislatíva |
| 100 | 1 | |a Šebo, Ján | |
| 700 | 1 | |a Melicherčík, Igor | |
| 700 | 1 | |a Mešťan, Michal | |
| 700 | 1 | |a Králik, Ivan | |